[Event "Let's Play Chess!"]
[Site "http://www.queenalice.com/game.php?id=102951"]
[Date "2006.9.6"]
[Round "-"]
[White "Fernando_Vaz"]
[Black "mrshogi"]
[Result "0-1"]
[WhiteElo "1858"]
[BlackElo "1878"]

1. d4 Nf6 2. c4 c5 3. d5 e5 4. dxe6 fxe6 5. Bg5 d5 6. e3 Be7 7. Nf3 Nc6 8. cxd5
exd5 9. Nc3 Be6 10. Bb5 O-O 11. Bxc6 bxc6 12. Ne5 Qc7 13. Bf4 Bd6 14. Nd3 Bg4
15. f3 Bf5 16. Nxc5 Bxf4 17. exf4 Qxf4 18. Nd3 Qe3+ 19. Qe2 Qxd3 20. O-O Qxe2
21. Nxe2 Bd3 22. Rf2 Bxe2 23. Rxe2 Rfe8 24. Rc2 Re6 25. a4 Rb8 26. g4 Kf7 27.
Kg2 Ke7 28. h3 Kd7 29. f4 Re4 30. f5 Reb4 31. Ra2 d4 32. g5 Nd5 33. Kg3 Kd6 34.
Kh4 d3+ 0-1

[Event "I bad =( VeryyY Baddd"]
[Site "http://www.queenalice.com/game.php?id=102952"]
[Date "2006.9.6"]
[Round "-"]
[White "Fernando_Vaz"]
[Black "VypeR"]
[Result "1-0"]
[WhiteElo "1804"]
[BlackElo "1666"]

1. d4 d5 2. c4 c6 3. Bf4 Nf6 4. Bxb8 Rxb8 5. cxd5 cxd5 6. Qa4+ Qd7 7. Qxa7 Qc7
8. Qc5 Qxc5 9. dxc5 g6 10. Nc3 e5 11. b4 d4 12. Nb5 Nd5 13. a3 Bg7 14. Nd6+ Kd8
15. Nxf7+ Ke7 16. Nxh8 Bxh8 17. Nf3 Bg4 18. Nd2 Bf5 19. Nc4 e4 20. Nb6 d3 21.
Nxd5+ Ke6 22. Nf4+ Ke5 23. Nxd3+ Ke6 24. Nf4+ Kd7 25. O-O-O+ Kc6 26. Rd6+ Kc7
27. Nd5+ Kc8 28. Ne7+ Kc7 29. e3 Be5 30. Rb6 Ra8 31. Nxf5 gxf5 32. f4 Bc3 33.
Rh6 Rxa3 34. Rxh7+ Kb8 35. Rf7 Rb3 36. Kc2 Ra3 37. b5 Ba5 38. Kb2 Rxe3 39. b6
Rd3 40. Rf8+ Rd8 41. Rxd8# 1-0

[Event "Nao espere Piedade!"]
[Site "http://www.queenalice.com/game.php?id=102953"]
[Date "2006.9.6"]
[Round "-"]
[White "Fernando_Vaz"]
[Black "chessmania"]
[Result "1-0"]
[WhiteElo "1720"]
[BlackElo "1458"]

1. d4 e6 2. e4 Qf6 3. Nf3 Nh6 4. Bd3 Ng4 5. h3 Nh6 6. Bg5 Qg6 7. g4 f6 8. e5 Qf7
9. Bxh6 gxh6 10. a3 Rg8 11. Nc3 a5 12. Nb5 Na6 13. Qd2 c6 14. Nd6+ Bxd6 15. exd6
Qg7 16. Qxa5 Qf8 17. Bxh7 Rg7 18. Bd3 Qxd6 19. Qd2 Qd5 20. Qe3 h5 21. gxh5 Qxh5
22. O-O-O f5 23. h4 Nc7 24. Ng5 Nd5 25. Qe1 1-0

[Event "AUTO-INT-160"]
[Site "http://www.queenalice.com/game.php?id=103002"]
[Date "2006.9.6"]
[Round "1"]
[White "selaujo"]
[Black "Fernando_Vaz"]
[Result "1-0"]
[WhiteElo "1365"]
[BlackElo "1730"]

1. e4 e5 2. Nf3 Nf6 3. Bc4 Bd6 4. O-O Nxe4 5. c3 O-O 6. d3 Nf6 7. d4 exd4 8.
cxd4 b6 9. Nh4 Bb7 10. Qd3 Nc6 11. Nc3 Nb4 12. Qe3 Nc2 13. Qg5 Nxa1 14. Bd3 Nd5
15. Nf5 Qxg5 16. Bxg5 Nb4 17. Rxa1 Nxd3 18. Rd1 Nxb2 19. Re1 1-0

[Event "AUTO-INT-160"]
[Site "http://www.queenalice.com/game.php?id=103003"]
[Date "2006.9.6"]
[Round "1"]
[White "Fernando_Vaz"]
[Black "selaujo"]
[Result "0-1"]
[WhiteElo "1696"]
[BlackElo "1395"]

1. d4 d5 2. c4 c6 3. Nc3 Nf6 4. Bf4 Na6 5. e3 dxc4 6. Bxc4 Bg4 7. f3 Bf5 8. Bxa6
bxa6 9. Qa4 e6 10. Qxc6+ Qd7 11. Qxa8+ Qd8 12. Qxd8+ Kxd8 13. Bb8 Ne4 14. fxe4
Kc8 15. Bxa7 Kb7 16. exf5 Kxa7 17. fxe6 fxe6 18. O-O-O Bd6 19. d5 exd5 20. Rxd5
Rd8 0-1

[Event "AUTO-INT-160"]
[Site "http://www.queenalice.com/game.php?id=103018"]
[Date "2006.9.6"]
[Round "1"]
[White "Fernando_Vaz"]
[Black "johntelker"]
[Result "1-0"]
[WhiteElo "1646"]
[BlackElo "1539"]

1. d4 Nf6 2. c4 d6 3. h3 g6 4. Bg5 Bg7 5. Qc1 O-O 6. Bh6 e5 7. Bxg7 Kxg7 8. e3
exd4 9. exd4 Bf5 10. Nc3 Re8+ 11. Be2 Nc6 12. Nf3 Nb4 13. O-O c5 14. a3 Nd3 15.
Qd2 cxd4 16. Nxd4 Nc5 17. Nxf5+ gxf5 18. Qg5+ Kh8 19. Qxf5 Re5 20. Qc2 Qe7 21.
Rfe1 Re8 22. f4 Re3 23. Rad1 Nh5 24. Nd5 Rxe2 25. Nxe7 1-0

[Event "AUTO-INT-160"]
[Site "http://www.queenalice.com/game.php?id=103019"]
[Date "2006.9.6"]
[Round "1"]
[White "johntelker"]
[Black "Fernando_Vaz"]
[Result "0-1"]
[WhiteElo "1539"]
[BlackElo "1500"]

1. d4 d5 2. Nf3 Bf5 3. Nc3 Nc6 4. Bf4 Nb4 5. Nh4 Nxc2+ 6. Kd2 Nxa1 7. Nxf5 Qd7
8. Ng3 Qg4 9. Be3 e6 10. Qxa1 f5 11. f4 g5 12. Bf2 Qxf4+ 13. Be3 Qg4 14. Bf2 f4
15. h3 Qh4 16. Nce4 fxg3 17. Bxg3 Qxe4 18. e3 Bb4+ 0-1

[Event "AUTO-INT-160"]
[Site "http://www.queenalice.com/game.php?id=103020"]
[Date "2006.9.6"]
[Round "1"]
[White "Fernando_Vaz"]
[Black "mrshogi"]
[Result "0-1"]
[WhiteElo "1645"]
[BlackElo "1972"]

1. d4 Nf6 2. c4 c5 3. d5 e5 4. Nf3 d6 5. Nc3 Be7 6. e4 O-O 7. Bd3 Ne8 8. h3 Nd7
9. Nh2 Bg5 10. O-O g6 11. f4 exf4 12. Bxf4 Bxf4 13. Rxf4 Ne5 14. Nf3 Qe7 15.
Nxe5 Qxe5 16. Qd2 a6 17. Rh4 Bd7 18. Rf1 Rb8 19. a4 b6 20. Be2 Nc7 21. Kh1 Qg7
22. Bg4 Bxg4 23. Rxg4 b5 24. Ne2 bxc4 25. Ng3 Rxb2 26. Qa5 Rb7 0-1

[Event "AUTO-INT-160"]
[Site "http://www.queenalice.com/game.php?id=103021"]
[Date "2006.9.6"]
[Round "1"]
[White "mrshogi"]
[Black "Fernando_Vaz"]
[Result "1-0"]
[WhiteElo "1974"]
[BlackElo "1648"]

1. d4 d5 2. Nf3 Bf5 3. c4 Bxb1 4. Rxb1 dxc4 5. Qa4+ Qd7 6. Qxc4 Nc6 7. e4 e6 8.
Bd2 Nf6 9. Bd3 a6 10. Rc1 Rc8 11. O-O Be7 12. a3 O-O 13. h3 h6 14. Rfd1 Ne8 15.
e5 f6 16. exf6 Bxf6 17. Re1 Kh8 18. Bc3 Nd6 19. Qxe6 Qxe6 20. Rxe6 Nd8 21. Re2
N8f7 22. Ne5 Bxe5 23. dxe5 Nb5 24. Bb4 Rfd8 25. Bxb5 axb5 26. e6 Ng5 27. Be7 Rd5
28. Bxg5 Rxg5 29. e7 Re8 30. Rxc7 b6 31. Re6 1-0

[Event "Let's Play Chess!"]
[Site "http://www.queenalice.com/game.php?id=104946"]
[Date "2006.9.12"]
[Round "-"]
[White "Fernando_Vaz"]
[Black "Demig"]
[Result "0-1"]
[WhiteElo "1759"]
[BlackElo "1100"]

1. d4 Nf6 2. c4 g6 3. Bf4 g5 4. Bxg5 Nc6 5. e3 d6 6. Bxf6 exf6 7. Nf3 Qe7 8. Qa4
Be6 9. d5 Bf5 10. dxc6 bxc6 11. Qxc6+ Qd7 12. Qxa8+ Qc8 13. Qxc8+ Bxc8 14. c5 d5
0-1

[Event "Let's Play Chess!"]
[Site "http://www.queenalice.com/game.php?id=104947"]
[Date "2006.9.12"]
[Round "-"]
[White "Fernando_Vaz"]
[Black "bohinky"]
[Result "0-1"]
[WhiteElo "1773"]
[BlackElo "1897"]

1. d4 d5 2. c4 c6 3. c5 Nf6 4. b4 a5 5. Bd2 axb4 6. Bxb4 Na6 7. Bc3 Ne4 8. Nf3
Bg4 9. e3 e5 10. Be2 exd4 11. exd4 Be7 12. O-O O-O 13. h3 Bh5 14. Nh2 Bxe2 15.
Qxe2 Bf6 16. Bb2 Re8 17. Qd1 Naxc5 18. Ng4 Nd7 19. Nd2 Nxd2 20. Qxd2 Nb6 21. Qf4
Bg5 22. Qf3 Re4 23. Ne5 Rf4 24. Qh5 Qf6 25. Rae1 g6 26. Qe2 Re4 27. Qc2 Rxe1 28.
Rxe1 Rxa2 29. Qb3 Ra5 30. Qxb6 Rb5 31. Qc7 Rxb2 32. Ng4 Qf4 0-1

[Event "Let's Play Chess!"]
[Site "http://www.queenalice.com/game.php?id=104948"]
[Date "2006.9.12"]
[Round "-"]
[White "juve_leo"]
[Black "Fernando_Vaz"]
[Result "0-1"]
[WhiteElo "1408"]
[BlackElo "1858"]

1. d4 d5 2. c4 e5 3. dxe5 d4 4. Nf3 Nc6 5. Bg5 Be7 6. Bxe7 Ngxe7 7. e3 Bg4 8. h3
Bxf3 9. Qxf3 Nxe5 10. Qxb7 dxe3 11. fxe3 Rb8 12. Qxa7 Rxb2 13. Qa5 N7c6 14. Qa3
Qh4+ 15. Kd1 Qf2 16. Qc3 O-O 17. a4 Rd8+ 18. Bd3 Rxd3+ 0-1

[Event "Let's Play Chess!"]
[Site "http://www.queenalice.com/game.php?id=104949"]
[Date "2006.9.12"]
[Round "-"]
[White "Reddaz"]
[Black "Fernando_Vaz"]
[Result "1-0"]
[WhiteElo "2000"]
[BlackElo "1812"]

1. e4 e5 2. Nf3 Nf6 3. Nxe5 Qe7 4. d4 d6 5. Nf3 Nxe4 6. Be2 Qf6 7. O-O Be7 8.
Bd3 d5 9. Re1 Bf5 10. Nbd2 Nxd2 11. Bxd2 h6 12. Bb4 Be6 13. Bxe7 Qxe7 14. c4 c6
15. cxd5 cxd5 16. Bb5+ Nc6 17. Ne5 O-O 18. Bxc6 bxc6 19. Nxc6 Qg5 20. g3 Bh3 21.
Re5 Qf6 22. Ne7+ Kh8 23. Nxd5 Qc6 24. Rc1 1-0

[Event "Let's Play Chess!"]
[Site "http://www.queenalice.com/game.php?id=104950"]
[Date "2006.9.12"]
[Round "-"]
[White "Fernando_Vaz"]
[Black "Joe_Boyd"]
[Result "0-1"]
[WhiteElo "1665"]
[BlackElo "1661"]

1. d4 Nf6 2. c4 e6 3. c5 Nc6 4. Bf4 g6 5. Qd2 Bg7 6. Bh6 Bxh6 7. Qxh6 Nxd4 8.
Na3 b6 9. e3 Nf5 10. Qg5 Bb7 11. cxb6 axb6 12. f3 O-O 13. Bd3 Ng7 14. e4 d5 15.
e5 Nd7 16. Qe3 c5 17. Nb5 d4 18. Qe2 Nf5 19. Bxf5 exf5 20. Nh3 Re8 21. O-O Nxe5
22. Qd2 Ba6 23. a4 Nc4 24. Qh6 f6 25. b3 Re2 26. bxc4 d3 27. Qf4 d2 28. Rad1 Qd3
29. Nf2 Qc2 30. Qd6 Rae8 31. Nc7 Bxc4 0-1

[Event "Let's Play Chess!"]
[Site "http://www.queenalice.com/game.php?id=104951"]
[Date "2006.9.12"]
[Round "-"]
[White "Fernando_Vaz"]
[Black "ycalen"]
[Result "0-1"]
[WhiteElo "1759"]
[BlackElo "1562"]

1. d4 g6 2. e4 d6 3. Bf4 Bg7 4. Qd2 Nf6 5. Bh6 Nxe4 6. Qe3 Bxh6 7. Qxh6 Nf6 8.
Qg7 Rg8 9. Qh6 Qd7 10. Nf3 Qe6+ 0-1

[Event "Let's Play Chess!"]
[Site "http://www.queenalice.com/game.php?id=104952"]
[Date "2006.9.12"]
[Round "-"]
[White "Fernando_Vaz"]
[Black "jovy1097"]
[Result "1-0"]
[WhiteElo "1831"]
[BlackElo "1635"]

1. d4 Nf6 2. c4 g6 3. Bf4 Bg7 4. Qd2 d6 5. Bh6 O-O 6. Bxg7 Kxg7 7. h3 e5 8. Nf3
Nc6 9. d5 Ne7 10. Nc3 Nd7 11. Qg5 h6 12. Qd2 f5 13. g4 Rf7 14. O-O-O b6 15. Bg2
a5 16. g5 h5 17. Nh4 a4 18. e4 f4 19. Bf3 Ba6 20. Be2 Bb7 21. Bf3 a3 22. b3 Ra5
23. Qe2 Nb8 24. Bxh5 gxh5 25. Qxh5 c6 26. g6 Nxg6 27. Rhg1 1-0

[Event "Let's Play Chess!"]
[Site "http://www.queenalice.com/game.php?id=104953"]
[Date "2006.9.12"]
[Round "-"]
[White "Fernando_Vaz"]
[Black "karpano"]
[Result "0-1"]
[WhiteElo "1799"]
[BlackElo "1727"]

1. d4 Nf6 2. c4 e6 3. Nc3 Bb4 4. Bg5 d5 5. e3 Nbd7 6. Qf3 Bxc3+ 7. bxc3 O-O 8.
cxd5 Re8 9. dxe6 Rxe6 10. Ne2 h6 11. Bh4 c6 12. e4 Qe8 13. e5 Nd5 14. Nf4 Nxf4
15. Qxf4 g5 16. Bxg5 hxg5 17. Qxg5+ Rg6 18. Qh4 Qf8 19. Rd1 Nb6 20. Rd3 Qg7 21.
Qd8+ Qf8 22. Qh4 Bf5 23. Rg3 Rxg3 24. hxg3 Qg7 25. Qe7 Nd5 26. Qxb7 Qf8 27. Qxc6
Rc8 28. Qxd5 Rxc3 29. Qd6 Rc1+ 30. Kd2 Rc2+ 31. Ke3 Rc3+ 32. Kf4 Qxd6 33. exd6
Bd7 34. Rh5 f6 35. Ra5 Rc6 36. Rxa7 Rxd6 37. Bc4+ Kf8 0-1

[Event "Let's Play Chess!"]
[Site "http://www.queenalice.com/game.php?id=104954"]
[Date "2006.9.12"]
[Round "-"]
[White "Fernando_Vaz"]
[Black "LESTAT_BR"]
[Result "1-0"]
[WhiteElo "1833"]
[BlackElo "1680"]

1. d4 d5 2. c4 c6 3. Bf4 dxc4 4. e3 b5 5. a4 a6 6. axb5 cxb5 7. Bxb8 Rxb8 8. Nf3
e6 9. Ne5 f6 10. Nc6 Qc7 11. Nxb8 Qxb8 12. Qh5+ g6 13. Qh4 h5 14. f4 Nh6 15.
Qxf6 Rg8 16. h3 Nf7 17. Qh4 Be7 18. Qf2 Nd6 19. Nc3 Nf5 20. Ne4 Bb7 21. Ng5 Bxg5
22. fxg5 Ng3 23. Rg1 Rf8 24. Qc2 Qd6 25. Qxg6+ Kd8 26. Qc2 e5 27. O-O-O Ne4 28.
dxe5 Qd7 29. Rxd7+ Kxd7 30. Be2 Nxg5 31. Qd2+ Kc7 32. Qd6+ Kc8 33. Qxf8+ 1-0

[Event "11"]
[Site "http://www.queenalice.com/game.php?id=104958"]
[Date "2006.9.12"]
[Round "-"]
[White "Theed"]
[Black "Fernando_Vaz"]
[Result "1-0"]
[WhiteElo "1724"]
[BlackElo "1844"]

1. c4 e5 2. Nc3 Bb4 3. Nd5 Bc5 4. e3 Nf6 5. d4 exd4 6. exd4 Nxd5 7. cxd5 Qe7+ 8.
Be2 Bb6 9. Nf3 O-O 10. O-O h6 11. Re1 d6 12. Bb5 Qf6 13. Be3 Bg4 14. Be2 Qf5 15.
h3 Bxf3 16. Bxf3 Qg6 17. Rc1 f5 18. Bd2 Bxd4 19. Rxc7 Bxb2 20. Rxb7 Be5 21. Be3
a6 22. Ra7 Rxa7 23. Bxa7 Nd7 24. Be3 f4 25. Bd2 Qd3 26. Bb4 Qc4 27. Qb3 Qd4 28.
Re4 Qa7 29. Qd3 Rb8 30. Ba3 Nc5 31. Bxc5 Qxc5 32. Rc4 Qa5 33. Rc2 Kf7 34. Qf5+
Kg8 35. Bh5 f3 36. gxf3 Qxd5 37. Qe4 Qe6 38. Bg4 Qf6 39. Rc8+ Rxc8 40. Bxc8 Qg5+
41. Qg4 a5 42. Qxg5 hxg5 43. Kf1 Kf8 44. Be6 Ke7 45. Bd5 Kd7 46. Ke2 Kc7 47. Ke3
Kb6 48. a4 Kc5 49. Be6 d5 50. Kd3 d4 51. Bd7 Kb4 52. Be8 Kb3 53. Bb5 Kb2 54. Kd2
Kb3 55. Kd3 Kb4 56. Bd7 1-0